Los intermediarios financieros monetarios de la empresa

Salvato in:
Dettagli Bibliografici
Autore principale: Jaime, José Carlos (Autore)
Natura: Libro
Lingua:spagnolo
Pubblicazione: Buenos Aires Macchi 1970
Serie:Ciencias Económicas
Soggetti:
Tags: Aggiungi Tag
Nessun Tag, puoi essere il primo ad aggiungerne!!

MARC

LEADER 00000nam a2200000 a 4500
001 UCR8766
003 CL-VaPUC
008 980529e19700000AG |||||||||||||||||spa|d
082 0 4 |a 332.1  |b JAI  |2 21 
100 0 |a Jaime, José Carlos  |e author  |9 410953 
245 1 4 |a Los intermediarios financieros monetarios de la empresa 
300 |a 116 p 
942 |c BK 
945 |d 19980529 00:00:00  |a crobeson 
260 |a Buenos Aires  |b Macchi  |c 1970 
650 7 |a INSTITUCIONES FINANCIERAS  |2 CL-VaPUC  |9 257940 
650 0 |a Bancos  |9 254963 
650 7 |a ECONOMIA NACIONAL  |2 CL-VaPUC  |9 338222 
583 |a last modification  |c 19980529 00:00:00  |k Rodrigo Vera 
490 0 |a Ciencias Económicas 
999 |c 270160  |d 270158 
952 |0 0  |1 0  |4 0  |6 332_100000000000000_JAI_1970  |7 0  |8 A  |9 304301  |a BIBENE  |b BIBENE  |d 2019-11-20  |i 1409239  |o 332.1 JAI 1970  |p 1409239  |r 2025-01-15  |w 2019-11-20  |y BK  |k ICO